Manual de control de gestión

Bewaard in:
Bibliografische gegevens
Hoofdauteurs: Dupuy, Yves (Auteur), Rolland, Gerard (Auteur)
Formaat: Boek
Taal:Spaans
Gepubliceerd in: Madrid Díaz de Santos 1992
Onderwerpen:
Tags: Voeg label toe
Geen labels, Wees de eerste die dit record labelt!

MARC

LEADER 00000nam a2200000 a 4500
001 UCX9326
003 CL-VaPUC
008 940531e19920000SP |||||||||||||||||spa|d
082 0 4 |a 658.401  |b DUP  |2 21 
100 0 |a Dupuy, Yves  |e author  |9 326708 
700 0 |a Rolland, Gerard  |e author  |9 326709 
245 1 0 |a Manual de control de gestión 
300 |a 329 p 
942 |c BK 
945 |d 19940531 00:00:00  |a mfernand 
260 |a Madrid  |b Díaz de Santos  |c 1992 
650 0 |a Gestión industrial   |9 263790 
650 0 |a Administración de empresas   |9 260833 
583 |a last modification  |c 19940531 00:00:00  |k Rodrigo Vera 
999 |c 228601  |d 228599 
952 |0 0  |1 0  |4 0  |6 658_401000000000000_DUP_1992  |7 0  |8 A  |9 228861  |a BIBING  |b BIBING  |d 2019-11-15  |i 2982722  |o 658.401 DUP 1992  |p 2982722  |r 2023-03-02  |w 2019-11-15  |y BK  |k EII 
952 |0 0  |1 0  |4 0  |6 658_401000000000000_DUP_1992  |7 0  |8 A  |9 228862  |a BIBGIM  |b BIBGIM  |d 2019-11-15  |i 3079511  |l 1  |o 658.401 DUP 1992  |p 3079511  |r 2025-01-15  |s 2023-06-16  |w 2019-11-15  |y BK  |k COM 
952 |0 0  |1 0  |4 0  |6 658_401000000000000_DUP_1992  |7 0  |8 A  |9 228863  |a BIBENE  |b BIBENE  |d 2019-11-15  |i 3152316  |o 658.401 DUP 1992  |p 3152316  |r 2025-01-15  |w 2019-11-15  |y BK  |k ICO